| 000 | 01000nam a2200265Ia 4500 | ||
|---|---|---|---|
| 003 | OSt | ||
| 005 | 20220923211309.0 | ||
| 006 | a|||||r|||| 00| 0 | ||
| 007 | ta | ||
| 008 | 220922b |||||||| |||| 00| 0 hin d | ||
| 020 |
_a9788179754405 (hbk) _c200 |
||
| 024 | _a284,843 | ||
| 037 |
_b25, 02/02/2015, P. K. Books _cTextual |
||
| 040 |
_aARTS _cARTS _bhin |
||
| 041 |
_2hin _ahin |
||
| 082 | _aV2:51.N5, 152P9 | ||
| 100 | _aबिपन चंद | ||
| 245 | 0 |
_aभारत का राष्ट्रीय आंदोलन _b दीर्घकालिक गतिशीलता |
|
| 246 | _aBhārat kā rāṣhṭrīya āandolana: dīrghakālik gatishīlatā | ||
| 260 |
_aनई दिल्ली _b अनामिका पब्लिर्शस _c2014 |
||
| 300 |
_a111पृ. _ccm. |
||
| 650 | _aविश्व-इतिहास | ||
| 942 |
_hV2:51.N5, 152P9 _cTEXL _2CC |
||
| 999 |
_c298213 _d298213 |
||